Využitie lasera pri zváraní Ti a Ti zliatin

Gespeichert in:
Bibliographische Detailangaben
1. Verfasser: Tomčíková, Ema (Verfasst von)
Weitere Verfasser: Vyskoč, Maroš (Betreuung Doktorarbeit)
Format: Manuskript Buch
Sprache:Slowakisch
Veröffentlicht: 2018
Schlagworte:
Online-Zugang:http://is.stuba.sk/zp/portal_zp.pl?podrobnosti=146855
Tags: Tag hinzufügen
Keine Tags, Fügen Sie das erste Tag hinzu!

MARC

LEADER 00000ntm a22000003a 4500
001 stuzp67939
003 SK-STU
005 20180820155608.0
007 ta
008 150427s2015----xo-----f-mn---000-0-slo-d
040 |a STU  |b slo 
041 0 |a slo 
100 1 |a Tomčíková, Ema  |u 063000  |4 aut  |U MTF Materiálovotechnologická fakulta  |T MTF Ústav výrobných technológií  |X 69845  |U M3000  |Y 83  |7 69845 
242 0 1 |a Laser utilization at welding of Ti and Ti alloys  |y eng 
245 1 0 |a Využitie lasera pri zváraní Ti a Ti zliatin 
260 |c 2018 
650 4 |a Laserové zváranie  |2 slo 
650 4 |a Titán  |2 slo 
650 4 |a Zliatiny titánu  |2 slo 
650 4 |a Laser welding  |2 eng 
650 4 |a Titanium  |2 eng 
650 4 |a Titanium alloys  |2 eng 
700 1 |a Vyskoč, Maroš  |u 063000  |k Z3  |4 ths  |U MTF Materiálovotechnologická fakulta  |T MTF Ústav výrobných technológií  |X 66501  |U M3000  |Y 83  |7 A000066501 
856 4 |u http://is.stuba.sk/zp/portal_zp.pl?podrobnosti=146855 
996 |c M* BP-8305  |l MMSKP  |s P  |a 0  |w stuzp67939_0001